| 000 | 01622nam a2200409Ii 4500 | ||
|---|---|---|---|
| 001 | DIGBOSCH0394 | ||
| 003 | NyNyDIG | ||
| 006 | m o d | ||
| 007 | cr ||||||||||| | ||
| 008 | 241203s2023 sp ob 000 0 spa d | ||
| 035 | _a(OCoLC)1422514229 | ||
| 040 |
_aDGITA _beng _erda _epn _cDGITA |
||
| 020 |
_a9788419580856 _qdigital |
||
| 020 |
_z9788419580849 _qpapel |
||
| 050 | 1 | 4 | _aK5015.4 ebook |
| 245 | 0 | 0 |
_aEpítome disruptivo en el derecho contemporáneo : _bpolítica criminal, teoría, dogmática y proceso / _cJosé L. Cusi Alanoca, director ; coautores, Claus Roxin [and 32 others]. |
| 264 | 1 |
_aBarcelona : _bJ.M. Bosch Editor, _c2023. |
|
| 300 | _a1 online resource. | ||
| 336 |
_atext _btxt _2rdacontent |
||
| 337 |
_acomputer _bc _2rdamedia |
||
| 338 |
_aonline resource _bcr _2rdacarrier |
||
| 347 |
_atext file _2rdaft |
||
| 347 | _bPDF | ||
| 504 | _aIncludes bibliographical references. | ||
| 588 | 0 | _aOnline resource; title from PDF title page (Digitalia, viewed December 3, 2024) | |
| 650 | 0 | _aCriminal law. | |
| 650 | 0 | _aConstitutional law. | |
| 650 | 0 | _aProcedure (Law) | |
| 100 | 1 |
_aCusi Alanoca, José Luis, _eauthor, _editor. |
|
| 700 | 1 |
_aRoxin, Claus, _d1931- _eauthor. |
|
| 791 | 2 |
_aDigitalia (Firm), _edistributor. |
|
| 793 | 0 |
_gDigitalia eBook Collection: _aBosch Editor |
|
| 776 | 0 | 8 |
_iPrint version: _aCusi Alanoca, José Luis. _tEpítome disruptivo en el derecho contemporáneo. _dBarcelona : J.M. Bosch Editor, 2023 _z9788419580849 |
| 856 | 4 | 0 |
_3Digitalia Hispánica _uhttps://www.digitaliapublishing.com/a/135952/ |
| 910 | _aPremium collection: 2024 | ||
| 942 | _cRAA | ||
| 999 |
_c283538 _d283538 |
||